Életképek

Bibliographic Details
Corporate Author: Landerer a Heckenast
Format: Journal
Language:Hungarian
PhysicalDescription:24 cm
Subjects:

MARC

LEADER 00000nas a2200000 4500
001 vtls012279790
003 SK-MaSNL
005 20260228163522.0
008 250717d17441847hu er p 000 b0hun
015 |a SNBHFB 
040 |a SNKHF  |b slo  |c SNKHF  |e rda 
041 0 |a hun 
044 |a hu  |c HU 
072 7 |a 821.511.1  |x Ugrofínske literatúry  |2 konspekt 
080 |a (051)-048.55  |2 2011 
080 |a 821.511.141  |2 2011 
245 0 0 |a Életképek 
264 3 |a Pesten  |b Nyomatott Landerer és Heckenastnál  |c 1844-1847 
300 |c 24 cm 
310 |a 2x za mesiac 
336 |a text  |b txt  |2 rdacontent 
337 |a bez média  |b n  |2 rdamedia 
338 |a zväzok  |b nc  |2 rdacarrierr 
500 |a Editor: Frankenburg Adolf 
500 |a V stĺpcoch tlačený text 
561 |a Proveniencia: pečiatka Dr. E. Kadarász - ver. not. poz. Margity Zayovej Čís.12163-12171.  |5 SNK ČC 266/1844-1847 
588 |a Popis podľa: 1 sz. (1844) 
650 0 7 |a maďarská literatúra  |2 SNKPH  |9 1193 
655 7 |a špecializované časopisy  |2 SNKPH  |9 70509 
710 2 |a Landerer a Heckenast  |9 212649 
752 |a Maďarsko  |d Budapešť 
852 |a snk  |b Zaiova knižnica: Zay 11608-11619  |p ČC 266/1844-1847 
958 |a DF 
999 |c 9723  |d 11653 
952 |0 0  |1 0  |4 0  |7 0  |8 5  |a SNK  |b SNK  |c SNK_HF  |d 2025-07-18  |i snk2025/11620  |l 0  |o snkČC 266/1844  |p 17A1489980  |r 2026-02-21 22:34:20  |t Zay 11608  |w 2026-02-21  |y PREZ 
952 |0 0  |1 0  |4 0  |7 0  |8 5  |a SNK  |b SNK  |c SNK_HF  |d 2025-07-18  |i snk2025/11621  |l 0  |o snkČC 266/1845 D1  |p 17A1489979  |r 2026-02-21 22:34:20  |t Zay 11609  |w 2026-02-21  |y PREZ 
952 |0 0  |1 0  |4 0  |7 0  |8 5  |a SNK  |b SNK  |c SNK_HF  |d 2025-07-18  |i snk2025/11622  |l 0  |o snkČC 266/1846 D1  |p 17A1489978  |r 2026-02-21 22:34:20  |t Zay 11610  |w 2026-02-21  |y PREZ 
952 |0 0  |1 0  |4 0  |7 0  |8 5  |a SNK  |b SNK  |c SNK_HF  |d 2025-07-18  |i snk2025/11624  |l 0  |o snkČC 266/1847 D1  |p 17A1489977  |r 2026-02-21 22:34:20  |t Zay 11611-11619  |w 2026-02-21  |y PREZ